Child psychology / (Record no. 936)
| 000 -LEADER | |
|---|---|
| fixed length control field | 00850nam a22001937a 4500 |
| 003 - CONTROL NUMBER IDENTIFIER | |
| control field | OSt |
| 005 - DATE AND TIME OF LATEST TRANSACTION | |
| control field | 20140116120841.0 |
| 008 - FIXED-LENGTH DATA ELEMENTS--GENERAL INFORMATION | |
| fixed length control field | 120618t xxu||||| |||| 00| 0 eng d |
| 020 ## - INTERNATIONAL STANDARD BOOK NUMBER | |
| International Standard Book Number | 9788189940409 (e) |
| 050 ## - LIBRARY OF CONGRESS CALL NUMBER | |
| Classification number | BF721.A45 2007 |
| 100 ## - MAIN ENTRY--PERSONAL NAME | |
| Personal name | Allen, Brian. |
| 245 ## - TITLE STATEMENT | |
| Title | Child psychology / |
| Statement of responsibility, etc | Brian Allen. |
| 260 ## - PUBLICATION, DISTRIBUTION, ETC. (IMPRINT) | |
| Place of publication, distribution, etc | New Delhi : |
| Name of publisher, distributor, etc | Global Media, |
| Date of publication, distribution, etc | 2007 . |
| 300 ## - PHYSICAL DESCRIPTION | |
| Extent | 110p. |
| Other physical details | e-resource, no physical copies. |
| 505 ## - FORMATTED CONTENTS NOTE | |
| Formatted contents note | Table of Contents --Developmental Psychology --Stages of Development --A Child --Cognitive and Social Psychology -- Evolutionary Educational Psychology --Evolutionary Developmental Psychopathology --How to Deal with Your Child Problem. |
| 650 ## - SUBJECT ADDED ENTRY--TOPICAL TERM | |
| Topical term or geographic name as entry element | Child psychology. |
| 856 ## - ELECTRONIC LOCATION AND ACCESS | |
| Materials specified | Click here to read e-book. |
| Uniform Resource Identifier | <a href="http://site.ebrary.com/lib/riara/docDetail.action?docID=10300280&p00=child+psychology">http://site.ebrary.com/lib/riara/docDetail.action?docID=10300280&p00=child+psychology</a> |
| 942 ## - ADDED ENTRY ELEMENTS (KOHA) | |
| Source of classification or shelving scheme | |
| Koha item type | Electronic Book |
| Withdrawn status | Lost status | Source of classification or shelving scheme | Damaged status | Not for loan | Home library | Current library | Date acquired | Total Checkouts | Full call number | Date last seen | Price effective from | Koha item type |
|---|---|---|---|---|---|---|---|---|---|---|---|---|
| Riara University Library | Riara University Library | 18/06/2012 | BF721.A45 2007 | 18/06/2012 | 18/06/2012 | Electronic Book |
